00486nam a2200145Ia 4500008004100000100001700041245013000058245001700188260005900205260000900264300000800273650001800281650001500299856002600314170221s9999 xx 000 0 und d aPeter Bryant aIf a Tree Falls in the Forest: The Role of Community Formation and the Power of the Individual in Zine Making Participation  cPeter Bryant bOnline Journal of Communication and Media Technologies c2012 a2 : xCommunication xMedia Arts uhttp://www.ojcmt.net/